Scènes du Grinch dans le désordre - Statistiques

Statistiques générales
  • Ce quiz a été pris 90 fois
  • Le résultat moyen est 2 sur 15
Statistiques - réponses
Hint Explanation Réponse % Correct
Le Grinch Scène 2/15
42%
Le Grinch Scène 6/15
29%
Le Grinch Scène 1/15
29%
Le Grinch Scène 5/15
20%
Le Grinch Scène 9/15
13%
Le Grinch Scène 12/15
13%
Le Grinch Scène 11/15
11%
Le Grinch Scène 4/15
11%
Le Grinch Scène 15/15
9%
Le Grinch Scène 8/15
9%
Le Grinch Scène 14/15
9%
Le Grinch Scène 10/15
7%
Le Grinch Scène 7/15
7%
Le Grinch Scène 3/15
7%
Le Grinch Scène 13/15
7%
Aucun quiz correspondant
Distribution des résultats
% des personnes avec chaque résultat
Percentile par nombre de réponses
Votre historique - résultats
Vous n’avez pas pris ce quiz